000 00435nam a2200157 i 4500
001 141559
003 ES-MaACL
005 20230906200322.0
007 t|
008 070925s1971 sp ||||1| spa d
100 1 _aVolpi, Mariano.
_9115717
245 1 0 _aTrucos y magia con las cartas /
_cMariano Volpi.
260 _aBarcelona :
_bDe Vecchi,
_c[1971]
300 _a189 p. :
_bil. ;
_c19 cm.
852 _aES-MaACL
_jC-49088
_bR.80125
999 _c141559
_d141559